| 000 | 00510nam a2200205Ia 4500 | ||
|---|---|---|---|
| 005 | 20260429112140.0 | ||
| 008 | 260429s9999||||xx |||||||||||||| ||und|| | ||
| 020 | _a9781394292561 | ||
| 041 | _aEnglish | ||
| 082 |
_a572.86 _bBRO |
||
| 100 | _aBrown, T. A | ||
| 245 | 0 |
_aGene cloning and DNA analysis : _ban introduction / _cT. A Brown |
|
| 250 | _a9th ed. | ||
| 260 |
_aUSA : _bWiley, _c2026. |
||
| 300 | _axvii, 430 p.; pbk | ||
| 650 | _a Cloning | ||
| 650 | _a DNA | ||
| 650 | _aGene | ||
| 942 | _cTB | ||
| 999 |
_c52599 _d52599 |
||